000 00642nam a2200241Ia 4500
003 OSt
005 20221006144839.0
006 a|||||r|||| 00| 0
007 ta
008 221006b |||||||| |||| 00| 0 eng d
020 _c100.00(each)
024 _a12,914
037 _cTextual
040 _aEASL
_cEASL
_beng
041 _2eng
_aeng
082 _aV41:1973(zB).N79, M0
100 _aARORA R S
245 0 _aAmbassadors exchanged after thirty years
260 _aNew Delhi
_bISIR
_c1980
300 _a234p.
_ccm.
942 _hV41:1973(zB).N79, M0
_cTEXL
_2CC
999 _c1081000
_d1081000